000 01143nam a2200253 4500
001 179217
003 ES-MaACL
005 20230917182150.0
008 111007s1990 sp abfp |||| |dspa d
020 _a84-404-6637-4
080 _a002(460.18)(064.3)
111 2 _aLas Edades del Hombre (
_n2ª.
_d1990.
_cBurgos)
_9148175
245 1 0 _aLibros y documentos en la Iglesia de Castilla y León /
_cLas Edades del Hombre ; proyectan, las Diócesis de Castilla y León ; patrocinan, Caja de Ahorros de Salamanca, Junta de Castilla y León, Caja de Ahorros del Círculo Católico de Burgos.
260 _a[Valladolid :
_bArzobispado de Valladolid],
_c1990.
300 _aXXIV, 477 p. :
_bil. col., fot., planos ;
_c30 cm.
504 _aBibliografía: p. 453-461.
650 7 _aLibros-
_vExposiciones.
_9138122
655 7 _2tgfbne
_9193628
_aCatálogos de exposiciones
710 1 _aCastilla y León.
_bJunta.
_92501
852 _aES-MaACL
_9186096
_jA-11600
_bR.146142
_dOlim: N-4605
_cDEPO1
_xDonación: Rosa María Martínez
903 _977988
_aMartínez de Codes, Rosa María
_ednr
942 _2udc
_cMONOGRAFIA
999 _c179217
_d179217